U.S States Demonyms - Statistics

General Stats
  • This quiz has been taken 73 times
  • The average score is 38 of 50
Answer Stats
State Demonym % Correct
Alaska Alaskan
100%
Arizona Arizonan
96%
California Californian
96%
Georgia Georgian
94%
Hawaii Hawaiian
94%
Iowa Iowan
93%
Alabama Alabamian
91%
Florida Floridian
91%
Idaho Idahoan
91%
Colorado Coloradan
87%
Texas Texan
87%
Montana Montanan
85%
Minnesota Minnesotan
83%
Nebraska Nebraskan
83%
New Mexico New Mexican
83%
Nevada Nevadan
81%
New York New Yorker
81%
Kansas Kansan
80%
Kentucky Kentuckian
80%
Maryland Marylander
80%
Oklahoma Oklahoman
80%
North Dakota North Dakotan
78%
Oregon Oregonian
78%
Pennsylvania Pennsylvanian
78%
Rhode Island Rhode Islander
78%
South Dakota South Dakotan
78%
Indiana Hoosier/Indianian
76%
Maine Mainer
76%
Missouri Missourian
76%
Ohio Ohioan
76%
Virginia Virginian
76%
Louisiana Louisianian
74%
Mississippi Mississippian
74%
North Carolina North Carolinian
74%
South Carolina South Carolinian
72%
West Virginia West Virginian
72%
Arkansas Arkansan
69%
Illinois Illinoisan
69%
Washington Washingtonian
69%
Utah Utahn
67%
Vermont Vermonter
65%
Connecticut Connecticuter
63%
Delaware Delawarean
63%
Michigan Michigander
57%
Tennessee Tennessean
57%
New Jersey New Jerseyan
56%
New Hampshire New Hampshirite
54%
Wisconsin Wisconsinite
54%
Massachusetts Massachusettsan
50%
Wyoming Wyomingite
50%
No matching quizzes found
Score Distribution
Percent of People with Each Score
Percentile by Number Answered
Your Score History
You have not taken this quiz